| 000 | 00582nam a2200217 a 4500 | ||
|---|---|---|---|
| 005 | 20140311161038.0 | ||
| 008 | 970101s19uu xx 00 eng d | ||
| 020 | _a0070182736 | ||
| 020 | _a9780070182738 | ||
| 050 |
_aHQ 767.9 _b.Sa237 2010 |
||
| 100 | _aSantrock, John W. | ||
| 245 |
_aChildren / _cJohn W. Santrock. |
||
| 250 | _a11th ed. | ||
| 260 |
_aNew York : _bMcGraw-Hill Companies Inc., _c2010. |
||
| 300 |
_a659 p. : _bcol. ill. ; _c26 cm. |
||
| 521 | _aPSYCH | ||
| 650 |
_aChildren _xNew Zealand. |
||
| 942 |
_cBK _2lcc _kFOR |
||
| 999 |
_c26013 _d26013 |
||